El Fondo Nacional del Café : (Registro nro. 4008)
[ vista simple ]
| 000 -LEADER | |
|---|---|
| fixed length control field | 01319nam a2200265Ia 4500 |
| 003 - CONTROL NUMBER IDENTIFIER | |
| control field | OSt |
| 005 - DATE AND TIME OF LATEST TRANSACTION | |
| control field | 20200707154106.0 |
| 008 - FIXED-LENGTH DATA ELEMENTS--GENERAL INFORMATION | |
| fixed length control field | 191128s1988 ck ad gr 000 0 spa d |
| 040 ## - CATALOGING SOURCE | |
| Original cataloging agency | CO-JMCR |
| Transcribing agency | CO-JMCR |
| 041 0# - LANGUAGE CODE | |
| Language code of text/sound track or separate title | spa |
| 082 04 - DEWEY DECIMAL CLASSIFICATION NUMBER | |
| Classification number | 330.98 / |
| Item number | M149f |
| Edition number | 23 |
| 100 1# - MAIN ENTRY--PERSONAL NAME | |
| Personal name | Machado C., Absalón, |
| Relator term | director |
| 9 (RLIN) | 4238 |
| 245 13 - TITLE STATEMENT | |
| Title | El Fondo Nacional del Café : |
| Remainder of title | evaluación institucional y financiera / |
| Statement of responsibility, etc. | director, Absalón Machado C., Luis Alberto Zuleta J. ; investigadores Gabriela Garzón, Ricardo Garzón [y otros 3] |
| 250 ## - EDITION STATEMENT | |
| Edition statement | Primera edición |
| 260 ## - PUBLICATION, DISTRIBUTION, ETC. | |
| Place of publication, distribution, etc. | Bogotá : |
| Name of publisher, distributor, etc. | Contraloría General de la República : Centro de Investigaciones para el Desarrollo CID, |
| Date of publication, distribution, etc. | 1988. |
| 300 ## - PHYSICAL DESCRIPTION | |
| Extent | 278 páginas |
| Other physical details | ilustraciones, gráficas a blanco y negro, |
| Dimensions | 23 cm. |
| 505 0# - FORMATTED CONTENTS NOTE | |
| Formatted contents note | La estructura institucional y el manejo financiero del Fondo Nacional del Café -- El mercado internacional del café y la participación de Colombia -- Bases para evaluar el convenio Gobierno-Federación Nacional de cafeteros |
| 650 14 - SUBJECT ADDED ENTRY--TOPICAL TERM | |
| Topical term or geographic name entry element | Privatización |
| 9 (RLIN) | 2272 |
| 650 24 - SUBJECT ADDED ENTRY--TOPICAL TERM | |
| Topical term or geographic name entry element | Estrategia del desarrollo |
| 9 (RLIN) | 2266 |
| 650 24 - SUBJECT ADDED ENTRY--TOPICAL TERM | |
| Topical term or geographic name entry element | Política de desarrollo |
| 9 (RLIN) | 6819 |
| 700 1# - ADDED ENTRY--PERSONAL NAME | |
| Personal name | Zuleta J., Luis Alberto, |
| Relator term | director |
| 9 (RLIN) | 6820 |
| 700 1# - ADDED ENTRY--PERSONAL NAME | |
| Personal name | Garzón, Gabriela, |
| Relator term | investigadora |
| 9 (RLIN) | 6821 |
| 700 1# - ADDED ENTRY--PERSONAL NAME | |
| Personal name | Garzón, Ricardo, |
| Relator term | investigador |
| 9 (RLIN) | 6822 |
| 942 ## - ADDED ENTRY ELEMENTS (KOHA) | |
| Source of classification or shelving scheme | Dewey Decimal Classification |
| Koha item type | Books |
| Withdrawn status | Lost status | Source of classification or shelving scheme | Materials specified (bound volume or other part) | Damaged status | Not for loan | Home library | Current library | Shelving location | Date acquired | Source of acquisition | Full call number | Barcode | Date last seen | Copy number | Price effective from | Koha item type |
|---|---|---|---|---|---|---|---|---|---|---|---|---|---|---|---|---|
| Dewey Decimal Classification | Canje--05/05/2018-- | Biblioteca Pública José María del Castillo y Rada | Biblioteca Pública José María del Castillo y Rada | General Stacks | 11/28/2019 | Donación | 330.98 / M149f | 201808800 | 05/16/2024 | Ej.1 | 11/28/2019 | Books |